000 00607nam a2200181 i 4500
001 105199
003 ES-MaACL
007 t|
008 060616s1960 sp ||||1| spa d
100 1 _aLópez Molina, Luis.
_973788
245 1 0 _aTucídides romanceado en el siglo XIV /
_cLuis López Molina.
260 _aMadrid :
_bReal Academia Española,
_c1960.
300 _a236 p. ;
_c25 cm.
490 1 _aAnejos del Boletín de la Real Academia Española ;
_v5
830 0 _aAnejos del Boletín de la Real Academia Española ;
_v5
_9180902
852 _aES-MaACL
_jE-7480
_bR.90846
999 _c105199
_d105199